Les 30 meilleures buteurs de 2010 à 2019 - Statistiques

Statistiques générales
  • Ce quiz a été pris 719 fois
    712 depuis la dernière actualisation
  • Le résultat moyen est 18 sur 30
Statistiques - réponses
Nationalité Nombre de buts Réponse % Correct
2/Portugal 555 Ronaldo
100%
1/Argentine 579 Messi
100%
6/Brésil 348 Neymar
96%
5/Uruguay 356 Suarez
95%
3/Pologne 391 Lewandowski
91%
4/Uruguay 361 Cavani
90%
16/Angleterre 229 Kane
83%
13/France 251 Benzema
80%
30/Pays de Galles 188 Bale
80%
15/Belgique 238 Lukaku
80%
7/Suède 344 Zlatan
78%
10/Gabon 266 Aubameyang
76%
20/France 210 Giroud
74%
24/Egypte 202 Salah
74%
18/Allemagne 217 Muller
72%
8/Argentine 314 Aguero
70%
17/France 219 Griezmann
67%
14/Bosnie 240 Dzeko
61%
12/Colombie 252 Falcão
59%
28/Espagne 195 Villa
52%
9/Argentine 270 Higuain
51%
19/Pays-Bas 216 Van Persie
49%
29/Italie 193 Immobile
47%
21/Angleterre 207 Rooney
42%
25/Allemagne 202 Gomez
19%
26/France 200 Gignac
15%
23/Pays-Bas 204 Huntelaar
13%
22/France 204 Gomis
7%
27/Italie 199 Mertens
3%
11/Espagne 253 Soriano
0%
Aucun quiz correspondant
Distribution des résultats
% des personnes avec chaque résultat
Percentile par nombre de réponses
Votre historique - résultats
Vous n’avez pas pris ce quiz depuis la dernière actualisation